00431pab a2200145 454500008004000000100001900040245010100059260000900160300001300169362001200182650002300194700002200217700001500239773003100254180718b2014 xxu||||| |||| 00| 0 eng d aGidel, Thierry aSynchronization of innovation and vehicle projects: Proposal of a management tool at Renault SAS c2014 ap.57-73. aJun-Jul aProject management aMillet, Dominique aBuet, Gael aProject Management Journal